Music Quiz

Random Music or Rock Quiz

Come Together Clicky-oke Quiz Stats

 Plays Quiz Updated Nov 2, 2016

Support Sporcle.
Go Orange.
Score 0/20 Timer 04:00
1 Play Today
% Correct
He come groovin' up slowly
91.5%
Do what he please
86.1%
Over me
85.4%
Over me
85.1%
You got to be free
84.9%
You know me
84.8%
Over me
84.2%
And one is three
83.4%
Cause he's so hard to see
82.4%
Below his knee
81.9%
% Correct
Come together, yeah, come together, yeah!
81.4%
You can feel his disease
76.6%
To his knee
76.3%
Coca-Cola
63.8%
Toe jam football
61.7%
Holy rollers
60.3%
Spinal cracker
51.7%
Mojo filter
45.4%
Walrus gumboat
37.8%
Early warning
27.8%

From the Vault

States Without Big Cities

by Not_Shirley

Also known as 'states where you are very likely to find parking'.
Remove Ads.
Support Sporcle.
Get the best of Sporcle when you Go Orange. This ad-free experience offers more features, more stats, and more fun while also helping to support Sporcle. Thank you for becoming a member.

Show Comments

Extras

Top Quizzes Today


Score Distribution

Your Account Isn't Verified!

In order to create a playlist on Sporcle, you need to verify the email address you used during registration. Go to your Sporcle Settings to finish the process.

Report this User

Report this user for behavior that violates our Community Guidelines.

Details: